A raisin in the sun /

A three-act play concerned with the tensions in a middle- class African American family living on Chicago's Southside in the 1950s.

Bibliographic Details
Main Author: Hansberry, Lorraine, 1930-1965
Format: Book
Language:English
Published: New York : Modern Library, 1995.
Edition:Modern Library ed.
Subjects:
Online Access:Sample text
Publisher description

MARC

Tag First Indicator Second Indicator Subfields
LEADER 00000pam a2200000 a 4500
001 in00001451908
005 20151021050505.0
008 950331s1995 nyu b 000 0 eng
010 |a  95016074  
019 |a 755062902  |a 756592384 
020 |a 0679601724 (acid-free paper) 
020 |a 9780679601722 (acid-free paper) 
035 |a (OCoLC)ocm32347779 
040 |a DLC  |c DLC  |d YDX  |d UtOrBLW 
043 |a n-us--- 
049 |a TXAM 
050 0 0 |a PS3515.A515  |b R3 1995 
082 0 0 |a 812/.54  |2 20 
100 1 |a Hansberry, Lorraine,  |d 1930-1965. 
245 1 2 |a A raisin in the sun /  |c Lorraine Hansberry. 
250 |a Modern Library ed. 
264 1 |a New York :  |b Modern Library,  |c 1995. 
300 |a xxvi, 135 pages ;  |c 20 cm. 
336 |a text  |b txt  |2 rdacontent 
337 |a unmediated  |b n  |2 rdamedia 
338 |a volume  |b nc  |2 rdacarrier 
520 |a A three-act play concerned with the tensions in a middle- class African American family living on Chicago's Southside in the 1950s. 
504 |a Includes bibliographical references. 
650 0 |a African American families  |v Drama. 
650 0 |a Domestic drama. 
650 7 |a Domestic drama.  |2 lcsh 
655 7 |a Domestic drama.  |2 lcgft 
856 4 1 |3 Sample text  |u http://catdir.loc.gov/catdir/samples/random044/95016074.html  |t 0 
856 4 2 |3 Publisher description  |u http://catdir.loc.gov/catdir/description/random0411/95016074.html  |t 0 
945 |a PromptCat 
946 |a qatar 
947 |a Q14800012672 
949 |a updated-AC Qatar  |b h  |c 2014/5/25  |e agreen 
994 |a 92  |b TXA 
999 |a MARS 
999 f f |s 2d27b3df-86e6-39e0-be81-a39bdb24573a  |i 0b2e3769-e60f-3d6d-94f1-44ad30c1f0f6  |t 0 
952 f f |p normal  |a Texas A&M University  |b College Station  |c Sterling C. Evans Library  |d Evans: Curriculum Collection (4th floor)  |t 0  |e PS3515.A515 R3 1995  |h Library of Congress classification  |i unmediated -- volume  |m A14822301615 
998 f f |a PS3515.A515 R3 1995  |t 0  |l Evans: Curriculum Collection (4th floor)